000 00879nam a2200265Ia 4500
003 OSt
005 20220923212520.0
006 a|||||r|||| 00| 0
007 ta
008 220922b |||||||| |||| 00| 0 hin d
024 _a153,689
037 _cTextual
040 _aARTS
_cARTS
_bhin
041 _2hin
_ahin
082 _aO152v, M8;N1
100 _aनगेन्द्र, संपा.
245 0 _aहिन्दी साहित्य का इतिहास
246 _aHindī sāhitya kā itihāsa
260 _aनई दिल्ली
_b नेशनल पब्लिशिग हाउस
_c1988
300 _a736 पृ.
_ccm.
490 _aFYUP DC-1 HIN
650 _aहिन्दी साहित्य
_9156264
942 _hO152v, M8;N1
_cTEXL
_2CC
999 _c309330
_d309330